Normal view MARC view
  • Malaysia

Entry Geographic Name

Number of records used in: 1

001 - CONTROL NUMBER

  • control field: 8995

003 - CONTROL NUMBER IDENTIFIER

  • control field: OSt

005 - DATE AND TIME OF LATEST TRANSACTION

  • control field: 20170727155030.0

008 - FIXED-LENGTH DATA ELEMENTS

  • fixed length control field: 170727|| aca||aabn | a|a d

040 ## - CATALOGING SOURCE

  • Original cataloging agency: OSt
  • Transcribing agency: OSt

151 ## - HEADING--GEOGRAPHIC NAME

  • Geographic name: Malaysia
  • General subdivision: Officials and employees
  • General subdivision: Pensions

670 ## - SOURCE DATA FOUND

  • Source citation: Work cat.: (OSt)0: Malaysia 400, Undang-Undang pencen di Malaysia :, 2017
Pusat Sumber Maklumat Dato' Haji Sarmin Md Hussin, Akademi Kastam Diraja Malaysia, Melaka
Tel: 06-2331106 | Faks: 06-2313787